Midwife Pip's guide to a positive birth : (Record no. 172728)

MARC details
000 -LEADER
fixed length control field 00898nam a22002658i 4500
001 - CONTROL NUMBER
control field 021446836
003 - CONTROL NUMBER IDENTIFIER
control field OSt
005 - DATE AND TIME OF LATEST TRANSACTION
control field 20260319113432.0
008 - FIXED-LENGTH DATA ELEMENTS--GENERAL INFORMATION
fixed length control field 231205s2024 enk 000|0|eng|d
020 ## - INTERNATIONAL STANDARD BOOK NUMBER
International Standard Book Number 9781785044786 (Paperback)
Terms of availability USD 24.00
040 ## - CATALOGING SOURCE
Original cataloging agency StDuBDS
Language of cataloging eng
Transcribing agency StDuBDS
Description conventions rda
Modifying agency NUST
050 ## - LIBRARY OF CONGRESS CALL NUMBER
Classification number RG525 DAV
100 1# - MAIN ENTRY--PERSONAL NAME
Personal name Davies, Pip
Relator term Author
245 10 - TITLE STATEMENT
Title Midwife Pip's guide to a positive birth :
Remainder of title tools to feel calm and confident /
Statement of responsibility, etc. Pip Davies.
260 ## - PUBLICATION, DISTRIBUTION, ETC.
Place of publication, distribution, etc. London :
Name of publisher, distributor, etc. Penguin Books,
Date of publication, distribution, etc. ©2024.
300 ## - PHYSICAL DESCRIPTION
Extent 326 pages :
Other physical details Illustrations ;
Dimensions 22 cm.
336 ## - CONTENT TYPE
Content type term text
Source rdacontent
Content type code txt
337 ## - MEDIA TYPE
Media type term unmediated
Source rdamedia
Media type code n
338 ## - CARRIER TYPE
Carrier type term volume
Source rdacarrier
Carrier type code nc
504 ## - BIBLIOGRAPHY, ETC. NOTE
Bibliography, etc. note Includes index.
650 #0 - SUBJECT ADDED ENTRY--TOPICAL TERM
Topical term or geographic name entry element Childbirth
Form subdivision Popular works.
650 #0 - SUBJECT ADDED ENTRY--TOPICAL TERM
Topical term or geographic name entry element Midwifery
Form subdivision Popular works.
650 #0 - SUBJECT ADDED ENTRY--TOPICAL TERM
Topical term or geographic name entry element Pregnant women
Form subdivision Mental health.
942 ## - ADDED ENTRY ELEMENTS (KOHA)
Source of classification or shelving scheme Library of Congress Classification
Koha item type Ordinary Loan Books
Classification part RG525 DAV
Call number prefix RG
Call number suffix DAV
Suppress in OPAC No
Holdings
Withdrawn status Lost status Source of classification or shelving scheme Damaged status Not for loan Collection Home library Current library Shelving location Date acquired Source of acquisition Cost, normal purchase price Total Checkouts Full call number Barcode Date last seen Accession number Cost, replacement price Price effective from Koha item type Public note
    LCC     NFIC Medical Medical GEN 03/19/2026 Book Aid International 24.00   RG525 DAV 92004058023 03/19/2026 63501 24.00 03/19/2026 BOOKS Donation